Open Data Biblioteca Nacional de Portugal


República Portuguesa: Ministério da Cultura
Biblioteca Nacional de Portugal

Catálogo da BNP: acesso por Identificadores Unívocos
Registos Bibliográficos associados ao registo de autoridade

Etiqueta de registo: 00000nam 2200025 450
001 2279798
003 http://id.bnportugal.gov.pt/bib/catbnp/2279798
010 ## $a978-65-84504-68-4
100 ## $a20260312d2025 c y0pory01030103ba
101 0# $apor
102 ## $aBR
105 ## $aa z 000yy
106 ## $ar
200 1# $a Uma espécie de azul$fInês Ramos$gil. Carlo Giovani$gadapt. de texto Patrícia Vilar
205 ## $a1ª ed
210 #9 $aBarueri, São Paulo$cPingue Pongue Educação,$d2025
700 #1 $94$aRamos,$bInês$31944508
701 #1 $aGiovani,$bCarlo$4440$31854833
702 #1 $aVilar,$bPatrícia$4010$31997783
801 #0 $aPT$bBN$gRPC
966 ## $lBN$mFGMON$pDGLAB$x3
971 ## $cssilva$d20260506
975 ## $e0$d20260508$viquintas

Etiqueta de registo: 00000nam 2200025 450
001 2279788
003 http://id.bnportugal.gov.pt/bib/catbnp/2279788
010 ## $a978-65-84504-67-7
100 ## $a20260312d2025 c y0pory01030103ba
101 0# $apor
102 ## $aBR
105 ## $aa z 000yy
106 ## $ar
200 1# $a A minha avó tem o mundo na cabeça$fRita Guerreiro$gil. Soraia Oliveira$gadapt. de texto Patrícia Vilar
205 ## $a1ª ed
210 #9 $aBarueri, São Paulo$cPingue Pongue Educação e Brinquedos Pedagógicos,$d2025
215 ## $a37, [3] p.$cil.$d23 cm
700 #1 $94$aGuerreiro,$bRita$31865821
701 #1 $aOliveira,$bSoraia,$f1992-$4440$31725361
702 #1 $aVilar,$bPatrícia$4010$31997783
801 #0 $aPT$bBN$gRPC
966 ## $lBN$mFGMON$pDGLAB$x3
971 ## $cssilva$d20260507
975 ## $e0$d20260508$viquintas

OpendataBNP@bnportugal.pt | Mais informação sobre acesso aos dados BNP